Privacy Online: A Report to Congress, June 1998.

Bibliographic Details
Corporate Author: United States. Federal Trade Commission
Format: Government Document Book
Language:English
Published: [Place of publication not identified] : [publisher not identified], [1998?]

MARC

Tag First Indicator Second Indicator Subfields
LEADER 00000cam a22000007a 4500
001 in00000000068
005 20150930060112.0
008 980803s1998 xxu f000 0 eng d
035 |a (OCoLC) 
035 |a tmp97128579 
035 |9 AHS6545AM 
040 |a MvI  |c MvI  |d UtOrBLW 
049 |a UDOC 
074 |a 0535 
086 0 |a FT 1.2:P 93 
245 0 0 |a Privacy Online: A Report to Congress, June 1998. 
264 1 |a [Place of publication not identified] :  |b [publisher not identified],  |c [1998?] 
336 |a text  |b txt  |2 rdacontent 
337 |a unmediated  |b n  |2 rdamedia 
338 |a volume  |b nc  |2 rdacarrier 
500 |a Shipping List #: 98-0313-P 
500 |a Shipping List Date: 07/28/98 
710 1 |a United States.  |b Federal Trade Commission. 
999 |a MARS 
999 f f |s ffda7997-f4a9-3421-99c5-c89574f87455  |i d75a2756-5fb5-3236-9440-968a284ac2a0  |t 0 
952 f f |p normal  |a Texas A&M University  |b College Station  |c Sterling C. Evans Library  |d Evans: US Documents (Annex 5th floor)  |t 0  |e FT 1.2:P 93  |h Superintendent of Documents classification  |i unmediated -- volume  |m A14822849095 
998 f f |a FT 1.2:P 93  |t 0  |l Evans: US Documents (Annex 5th floor)